Flags of the World - Statistics

General Stats
  • This quiz has been taken 21 times
  • The average score is 13 of 15
Answer Stats
Flag Country % Correct
๐Ÿ‡ฎ๐Ÿ‡ณ India
100%
๐Ÿ‡ณ๐Ÿ‡ฌ Nigeria
100%
๐Ÿ‡ต๐Ÿ‡ญ Philippines
100%
๐Ÿ‡บ๐Ÿ‡ธ United States
100%
๐Ÿ‡จ๐Ÿ‡ณ China
94%
๐Ÿ‡ฏ๐Ÿ‡ต Japan
94%
๐Ÿ‡ท๐Ÿ‡บ Russia
94%
๐Ÿ‡ต๐Ÿ‡ฐ Pakistan
88%
๐Ÿ‡ช๐Ÿ‡น Ethiopia
82%
๐Ÿ‡ฒ๐Ÿ‡ฝ Mexico
82%
๐Ÿ‡ง๐Ÿ‡ท Brazil
76%
๐Ÿ‡ฎ๐Ÿ‡ฉ Indonesia
76%
๐Ÿ‡ช๐Ÿ‡ฌ Egypt
71%
๐Ÿ‡ง๐Ÿ‡ฉ Bangladesh
65%
๐Ÿ‡จ๐Ÿ‡ฉ The Democratic Republic of the Congo
35%
No matching quizzes found
Score Distribution
Percent of People with Each Score
Percentile by Number Answered
Your Score History
You have not taken this quiz